Catálogo
 En Linea

Plan estratégico de desarrollo de la provincia Espaillat / (Registro nro. 713)

Detalles MARC
000 -CABECERA
campo de control de longitud fija 01727nam a2200277 a 4500
001 - NÚMERO DE CONTROL
campo de control 000000717
003 - IDENTIFICADOR DEL NÚMERO DE CONTROL
campo de control DO-SdBNP
005 - FECHA Y HORA DE LA ÚLTIMA TRANSACCIÓN
campo de control 20250701132841.0
008 - DATOS DE LONGITUD FIJA--INFORMACIÓN GENERAL
campo de control de longitud fija 090429s2008 dr abcd 000 0 spa d
040 ## - FUENTE DE LA CATALOGACIÓN
Centro catalogador/agencia de origen DO-SdBNP
Lengua de catalogación spa
Centro/agencia transcriptor BNPHU
082 #4 - NÚMERO DE LA CLASIFICACIÓN DECIMAL DEWEY
Número de clasificación 338.9729362
Número de documento/Ítem P699e
Número de edición 22
245 00 - MENCIÓN DE TÍTULO
Título Plan estratégico de desarrollo de la provincia Espaillat /
Mención de responsabilidad, etc. redacción general Gabriel Guzmán Marcelino.
260 ## - PUBLICACIÓN, DISTRIBUCIÓN, ETC.
Lugar de publicación, distribución, etc. Moca, República Dominicana :
Nombre del editor, distribuidor, etc. PEDEPE,
Fecha de publicación, distribución, etc. 2008.
300 ## - DESCRIPCIÓN FÍSICA
Extensión 333 p. :
Otras características físicas il., gráf., mapa., retrs. ;
Dimensiones 28 cm.
505 1# - NOTA DE CONTENIDO CON FORMATO
Título Presentación --
-- Resumen ejecutivo --
-- Marco teórico --
-- Entorno general en el que se formula el presente plan --
-- Diagnóstico general de la provincia Espaillat --
-- Diagnóstico de cada una de las áreas incluidas en el PEDEPE: situación al 2008 y análisis FODA --
-- Visión al 2018: los sueños de los habitantes de la provincia Espaillat --
-- Programas, proyectos y actividades recomendados para los próximos 10 años --
-- Anexos --
-- El plan estratégico de desarrollo de la provincia Espaillat (PEDEPE) --
-- Bibliografía.
650 #4 - PUNTO DE ACCESO ADICIONAL DE MATERIA--TÉRMINO DE MATERIA
Término de materia o nombre geográfico como elemento de entrada Planificación estratégica
9 (RLIN) 2433
650 #0 - PUNTO DE ACCESO ADICIONAL DE MATERIA--TÉRMINO DE MATERIA
Término de materia o nombre geográfico como elemento de entrada Desarrollo económico
9 (RLIN) 85548
650 #4 - PUNTO DE ACCESO ADICIONAL DE MATERIA--TÉRMINO DE MATERIA
Término de materia o nombre geográfico como elemento de entrada Planificación regional
Subdivisión geográfica Espaillat (República Dominicana)
9 (RLIN) 2435
651 #4 - PUNTO DE ACCESO ADICIONAL DE MATERIA--NOMBRE GEOGRÁFICO
Nombre geográfico Espaillat (República Dominicana)
Subdivisión general Historia local
9 (RLIN) 2436
651 #4 - PUNTO DE ACCESO ADICIONAL DE MATERIA--NOMBRE GEOGRÁFICO
Nombre geográfico Espaillat (República Dominicana)
Subdivisión general Condiciones económicas
9 (RLIN) 2437
651 #4 - PUNTO DE ACCESO ADICIONAL DE MATERIA--NOMBRE GEOGRÁFICO
Nombre geográfico Espaillat (República Dominicana)
Subdivisión general Condiciones sociales
9 (RLIN) 2438
651 #4 - PUNTO DE ACCESO ADICIONAL DE MATERIA--NOMBRE GEOGRÁFICO
Nombre geográfico Espaillat (República Dominicana)
Subdivisión general Política económica
9 (RLIN) 2439
651 #4 - PUNTO DE ACCESO ADICIONAL DE MATERIA--NOMBRE GEOGRÁFICO
Nombre geográfico Espaillat (República Dominicana)
Subdivisión general Política social
9 (RLIN) 2440
710 1# - PUNTO DE ACCESO ADICIONAL--NOMBRE DE ENTIDAD CORPORATIVA
Nombre de entidad corporativa o nombre de jurisdicción como elemento de entrada Consejo de Plan Estratégico de Desarrollo de la Provincia Espaillat PEDEPE
9 (RLIN) 2441
942 ## - ELEMENTOS DE PUNTO DE ACCESO ADICIONAL (KOHA)
Fuente del sistema de clasificación o colocación Dewey Decimal Classification
Tipo de ítem Koha Libro
Existencias
Estado de retiro Estado de pérdida Restricciones de uso No para préstamo Código de colección Localización permanente Ubicación/localización actual Ubicación en estantería Fecha de adquisición Número de inventario Total de préstamos Signatura topográfica completa Código de barras Fecha visto por última vez Número de copia Precio válido a partir de Tipo de ítem Koha
    Préstamo interno Préstamo en sala Dominicana de Servicio Biblioteca Nacional Pedro Henríquez Ureña Biblioteca Nacional Pedro Henríquez Ureña Depósito 25.08.2009 LF1   338.9729362 P699e 717-30 25.06.2020 e. 3 25.06.2020 Libros y folletos
    Préstamo interno Préstamo en sala Dominicana de Servicio Biblioteca Nacional Pedro Henríquez Ureña Biblioteca Nacional Pedro Henríquez Ureña Depósito 25.08.2009 LF1   338.9729362 P699e 717-40 25.06.2020 e. 4 25.06.2020 Libros y folletos
    Préstamo interno Préstamo en sala Dominicana de Servicio Biblioteca Nacional Pedro Henríquez Ureña Biblioteca Nacional Pedro Henríquez Ureña Depósito 25.08.2009 LF1   338.9729362 P699e 717-50 25.06.2020 e. 5 25.06.2020 Libros y folletos
      Préstamo restrigido Patrimonio Dominicano Biblioteca Nacional Pedro Henríquez Ureña Biblioteca Nacional Pedro Henríquez Ureña Depósito 25.08.2009 LF1   338.9729362 P699e 717-10 25.06.2020   25.06.2020 Libros y folletos
      Préstamo restrigido Patrimonio Dominicano Biblioteca Nacional Pedro Henríquez Ureña Biblioteca Nacional Pedro Henríquez Ureña Depósito 25.08.2009 LF1   338.9729362 P699e 717-20 25.06.2020 e. 2 25.06.2020 Libros y folletos

Con tecnología Koha